| 000 | 00958nam a2200229 a 4500 | ||
|---|---|---|---|
| 001 | 000041162 | ||
| 005 | 20201002034653.0 | ||
| 008 | 130920s1993 sp 000 0 spa d | ||
| 020 | _a8400073339 | ||
| 040 |
_aDO-SdBNP _bspa _cBNPHU |
||
| 100 | 1 |
_aArquiola, Elvira _967714 |
|
| 245 | 1 | 3 |
_aLa corona de las ciencias naturales : _bla médicina en el tránsito del siglo XVIII al XIX / _cElvira Arquiola, Luis Montiel ; prólogo de Pedro Laín Entralgo. |
| 260 |
_aMadrid : _bConsejo Superior de Investigaciones Científicas, _c1993. |
||
| 300 |
_a392 p. : _bil. ; _c22 cm. |
||
| 490 | 1 |
_aEstudios sobre la ciencia _v20 |
|
| 504 | _aBibliografía : p. 357- 392 | ||
| 504 | _aIncluye referencias bibliográficas y notas al pie de las páginas | ||
| 700 | 1 |
_aMontiel Llorente, Luis _967715 |
|
| 700 | 1 |
_aLaín Entralgo, Pedro, _epról. _93059 |
|
| 710 | 2 |
_aConsejo Superior de Investigaciones Científicas _94786 |
|
| 830 | 0 |
_aEstudios sobre la ciencia _v20 _938739 |
|
| 999 |
_c40652 _d40652 |
||